<?xml version="1.0" encoding="UTF-8"?><?xml-stylesheet type="text/xsl" href="static/style.xsl"?><OAI-PMH xmlns="http://www.openarchives.org/OAI/2.0/" xmlns:xsi="http://www.w3.org/2001/XMLSchema-instance" xsi:schemaLocation="http://www.openarchives.org/OAI/2.0/ http://www.openarchives.org/OAI/2.0/OAI-PMH.xsd"><responseDate>2026-04-13T14:23:54Z</responseDate><request verb="GetRecord" identifier="oai:www.recercat.cat:2117/358981" metadataPrefix="marc">https://recercat.cat/oai/request</request><GetRecord><record><header><identifier>oai:recercat.cat:2117/358981</identifier><datestamp>2025-07-22T15:15:08Z</datestamp><setSpec>com_2072_1033</setSpec><setSpec>col_2072_452951</setSpec></header><metadata><record xmlns="http://www.loc.gov/MARC21/slim" xmlns:dcterms="http://purl.org/dc/terms/" xmlns:xsi="http://www.w3.org/2001/XMLSchema-instance" xmlns:doc="http://www.lyncode.com/xoai" xsi:schemaLocation="http://www.loc.gov/MARC21/slim http://www.loc.gov/standards/marcxml/schema/MARC21slim.xsd">
   <leader>00925njm 22002777a 4500</leader>
   <datafield ind2=" " ind1=" " tag="042">
      <subfield code="a">dc</subfield>
   </datafield>
   <datafield ind2=" " ind1=" " tag="720">
      <subfield code="a">Chamizo Barragan, David</subfield>
      <subfield code="e">author</subfield>
   </datafield>
   <datafield ind2=" " ind1=" " tag="260">
      <subfield code="c">2021-06-21</subfield>
   </datafield>
   <datafield ind2=" " ind1=" " tag="520">
      <subfield code="a">El vehicle elèctric esta sofrint un increment a la industria, no només en l’automoció, si no que en altres industries com la maquinària de construcció, on també s’està incrementant la mobilitat elèctrica. La necessitat de la transició energètica degut al canvi climàtic esta empenyent les empreses a electrificar els seus productes.&#xd;
El motor elèctric és un dels motors més eficients. Degut això és una de les millor opcions per fabricar màquines eficients i amb baix consum d’energia, que es tradueix en menor contaminació. &#xd;
Aquest projecte pretén ajudar a AUSA en la seva transició cap a la motorització elèctrica. Ajudarà a entendre com funcionen els motors elèctric i a tenir criteri a l’hora de seleccionar-los.&#xd;
La primera màquina elèctrica que AUSA produirà serà el dumper D150AHE. Aquesta màquina pretén obrir la porta a altres games de màquines elèctriques que AUSA està dissenyant.</subfield>
   </datafield>
   <datafield ind2=" " ind1=" " tag="520">
      <subfield code="a">Electric vehicles are increasing in the automotive industry. But not only in the automotive trade also in other industries like the construction machinery industry. The necessity of green-powered transition despite the climatic change is pushing the brands to electrify their products.  &#xd;
The electrical motor is one of the most efficient machines to turn energy into movement. Because of that is one of the better options to make an efficient and lower energy consumption machine. &#xd;
This project pretends to help AUSA in the transition of their machines from combustion engines to electrical engines. It would help to understand how the electric motors work and to have criteria during the motor selection. &#xd;
The first electric machine that AUSA is going to produce is the dumper D150AHE. This machine is going to open the door to other different machines that AUSA is designing.</subfield>
   </datafield>
   <datafield tag="653" ind2=" " ind1=" ">
      <subfield code="a">Àrees temàtiques de la UPC::Enginyeria mecànica::Motors::Motors elèctrics</subfield>
   </datafield>
   <datafield tag="653" ind2=" " ind1=" ">
      <subfield code="a">Electric vehicles -- Design and construction</subfield>
   </datafield>
   <datafield tag="653" ind2=" " ind1=" ">
      <subfield code="a">Electric motors</subfield>
   </datafield>
   <datafield tag="653" ind2=" " ind1=" ">
      <subfield code="a">Vehicles elèctrics -- Disseny i construcció</subfield>
   </datafield>
   <datafield tag="653" ind2=" " ind1=" ">
      <subfield code="a">Motors elèctrics</subfield>
   </datafield>
   <datafield ind2="0" ind1="0" tag="245">
      <subfield code="a">Estudi de selecció de motor elèctric per a maquinària AUSA</subfield>
   </datafield>
</record></metadata></record></GetRecord></OAI-PMH>